Fertilizers Manufacturing Handbook/ (Record no. 203924)

MARC details
000 -LEADER
fixed length control field 00643nam a22001817a 4500
005 - DATE AND TIME OF LATEST TRANSACTION
control field 20240703164621.0
010 ## - LCCN (DPL NO)
LC control number ENG-140744
020 ## - INTERNATIONAL STANDARD BOOK NUMBER
Terms of availability 2795.00
International Standard Book Number 9788195676965
035 ## - SYSTEM CONTROL NUMBER
System control number EN-124276
037 ## - SOURCE OF ACQUISITION
Source of stock number/acquisition DBAD
082 ## - DEWEY DECIMAL CLASSIFICATION NUMBER
Classification number 631.81
100 ## - MAIN ENTRY--PERSONAL NAME
Personal name Chattopadhyay, P. K.
245 ## - TITLE STATEMENT
Title Fertilizers Manufacturing Handbook/
Statement of responsibility, etc P. K. Chattopadhyay
260 ## - PUBLICATION, DISTRIBUTION, ETC. (IMPRINT)
Place of publication, distribution, etc Delhi
Name of publisher, distributor, etc Niir Project Consultancy Services
Date of publication, distribution, etc 2019
270 ## - ADDRESS
City Delhi
Address 106-E, Opp. Spark Mall, Kamla Nagar
Postal code 110007
Telephone number 01123842955
-- 01123845886
-- 08800733955
Electronic mail address npcs.india@gmail.com
-- info@niir.org
300 ## - PHYSICAL DESCRIPTION
Extent xviii, 434p.
Dimensions 21cm (pb)
942 ## - ADDED ENTRY ELEMENTS (KOHA)
Source of classification or shelving scheme Dewey Decimal Classification
Item type English Books
Classification part 631.81
Call number suffix CHA
Holdings
Withdrawn status Lost status Not for loan Collection code Home library Current library Date acquired Source of acquisition Cost, normal purchase price Full call number Barcode Copy number Cost, replacement price Koha item type
    Not For Loan Non-fiction D.B.Act.Division D.B.Act.Division 03/07/2024 DBAD 2795.00 631.81 CHA EN-124276 1 2795.00 English Books

© Delhi Public Library
Hit Counter
free hit counter